000
00308nam a2200121Ia 4500
008
190216s9999||||xx |||||||||||||| ||und||
100
_a
Sohrab R Gandhi M
245
4
_a
The Mango In India
260
_b
"Farm Information Unit, Newdelhi"
_c
1978
300
_a
77p
650
_a
The Mango In India
942
_c
REF
999
_c
35318
_d
35318